Taylor Swift Track 5s - Statistics

General Stats
  • This quiz has been taken 115 times
    106 since last reset
  • The average score is 10 of 11
Answer Stats
Album Song % Correct
Speak Now (Taylor's Version) Dear John
95%
Red (Taylor's Version) All Too Well
92%
THE TORTURED POETS DEPARTMENT So Long, London
92%
Midnights You're On Your Own, Kid
92%
reputation Delicate
91%
folklore my tears ricochet
91%
Lover The Archer
88%
evermore tolerate it
88%
Fearless (Taylor's Version) White Horse
88%
1989 (Taylor's Version) All You Had To Do Was Stay
87%
Taylor Swift Cold As You
83%
No matching quizzes found
Score Distribution
Percent of People with Each Score
Percentile by Number Answered
Your Score History
You have not taken this quiz since the last reset